Developments in the field of migration in Slovakia from her accession to the European Union

Kvantitatívny a kvalitatívny vývoj migrácie na Slovensku od roku 2004. Porovnanie s vybranými krajinami.

Saved in:
Bibliographic Details
Main Author: Divinský, Boris
Format: Book Chapter
Language:English
Subjects:
Tags: Add Tag
No Tags, Be the first to tag this record!

MARC

LEADER 00000naa a2200000 4500
001 0176631
005 20231009114209.2
041 0 |a eng 
044 |a SK 
245 1 0 |a Developments in the field of migration in Slovakia from her accession to the European Union  |c Boris Divinský 
520 |a Kvantitatívny a kvalitatívny vývoj migrácie na Slovensku od roku 2004. Porovnanie s vybranými krajinami. 
610 2 0 |a Slovensko 
610 2 0 |a migrácia 
610 2 0 |a Európska únia 
610 2 0 |a pohyb síl pracovných 
610 2 0 |a pohyb síl pracovných medzinárodný 
100 1 |a Divinský, Boris